[Event "Moscow op-D (Women)"]
[Site "Moscow"]
[Date "2011.02.02"]
[Round "5"]
[White "Vasilevich, Irina"]
[Black "Niks, Yana"]
[Result "1-0"]
[WhiteElo "2327"]
[BlackElo "1878"]
[PlyCount "55"]
[EventDate "2011.01.29"]
[EventType "swiss"]
[EventRounds "9"]
[EventCountry "RUS"]
[SourceTitle "EXT 2012"]
[Source "ChessBase"]
[SourceDate "2011.11.24"]
[SourceVersion "1"]
[SourceVersionDate "2011.11.24"]
[SourceQuality "1"]

1. e4 e5 2. f4 exf4 3. Nf3 g5 4. h4 g4 5. Ne5 h5 6. Bc4 Nh6 7. d4 d6 8. Nd3 f5 9. Nxf4 Nc6 10. Ng6 Rh7 11. Bg5 Be7 12. Nxe7 Nxe7 13. Nc3 c6 14. 0-0 Nf7 15. Bf6 Rh6 16. Bxf7+ Kxf7 17. Bg5 Rh8 18. exf5 Qc7 19. Qd3 d5 20. Rae1 Re8 21. f6 Nf5 22. Rxe8 Kxe8 23. Rxf5 Bxf5 24. Qxf5 Qf7 25. Ne2 Rd8 26. Nf4 Rd6 27. Nd3 Re6 28. Ne5 1-0

[Event "Moscow op (Women)"]
[Site "Moscow"]
[Date "2009.02.07"]
[Round "8"]
[White "Gvanceladze, Anna"]
[Black "Niks, Yana"]
[Result "1-0"]
[WhiteElo "2070"]
[BlackElo "1885"]
[PlyCount "65"]
[EventDate "2009.01.31"]
[EventType "swiss"]
[EventRounds "9"]
[EventCountry "RUS"]
[SourceTitle "EXT 2012"]
[Source "ChessBase"]
[SourceDate "2011.11.24"]
[SourceVersion "1"]
[SourceVersionDate "2011.11.24"]
[SourceQuality "1"]

1. e4 e5 2. Nf3 Nc6 3. Bb5 a6 4. Bxc6 dxc6 5. 0-0 Bg4 6. h3 h5 7. d3 Qf6 8. Be3 Bxf3 9. Qxf3 Qxf3 10. gxf3 Bd6 11. Nd2 Ne7 12. Rfb1 Ng6 13. Kf1 0-0-0 14. b4 b6 15. Nc4 Kb7 16. a4 Rhf8 17. Ke2 Rd7 18. Rb3 f6 19. Rg1 Nh4 20. Nxd6+ cxd6 21. c4 g5 22. a5 b5 23. Rc1 Rc8 24. Rbc3 Rdc7 25. Bb6 Rg7 26. cxb5 axb5 27. Be3 Rgc7 28. Bb6 Rg7 29. d4 exd4 30. Bxd4 Ng2 31. a6+ Kxa6 32. Ra1+ Kb7 33. Ra7+ 1-0

[Event "Moscow op-C 04th (Women)"]
[Site "Moscow"]
[Date "2008.02.05"]
[Round "4"]
[White "Niks, Yana"]
[Black "Zaryvkina, Anastasia"]
[Result "1-0"]
[WhiteElo "1865"]
[BlackElo "1948"]
[PlyCount "61"]
[EventDate "2008.02.02"]
[EventType "swiss"]
[EventRounds "9"]
[EventCountry "RUS"]
[SourceTitle "CBM 122 Extra"]
[Source "ChessBase"]
[SourceDate "2008.03.04"]
[SourceVersion "1"]
[SourceVersionDate "2008.03.04"]
[SourceQuality "1"]

1. e4 c5 2. Nf3 d6 3. d4 cxd4 4. Nxd4 Nf6 5. Nc3 e6 6. Be2 Be7 7. Be3 a6 8. a4 Nc6 9. f4 0-0 10. 0-0 Qc7 11. Bf3 Rb8 12. Kh1 Na5 13. g4 Nc4 14. Qc1 Re8 15. g5 Nd7 16. Bg2 Bf8 17. f5 Nde5 18. Rf4 g6 19. Rh4 Qd8 20. Rh3 Bd7 21. Qe1 b5 22. Qh4 h5 23. f6 Ng4 24. Bf3 e5 25. Nf5 gxf5 26. Bxg4 fxg4 27. Qxh5 gxh3 28. g6 fxg6 29. Qxg6+ Kh8 30. Qh5+ Kg8 31. f7+ 1-0

[Event "Moscow Petrosian Memorial U18"]
[Site "Moscow"]
[Date "2007.01.??"]
[Round "2"]
[White "Kavakdere, Ali"]
[Black "Niks, Yana"]
[Result "1-0"]
[WhiteElo "2035"]
[BlackElo "1882"]
[PlyCount "95"]
[EventDate "2007.01.??"]
[EventType "swiss"]
[EventRounds "9"]
[EventCountry "RUS"]
[SourceTitle "EXT 2008"]
[Source "ChessBase"]
[SourceDate "2007.11.25"]
[SourceVersion "1"]
[SourceVersionDate "2007.11.25"]
[SourceQuality "1"]

1. e4 e5 2. Nf3 Nc6 3. Bc4 Bc5 4. c3 Nf6 5. d4 exd4 6. cxd4 Bb4+ 7. Bd2 Bxd2+ 8. Nbxd2 d6 9. 0-0 0-0 10. Re1 Bg4 11. Qc2 d5 12. exd5 Nxd5 13. a3 Nb6 14. Bd3 h6 15. Be4 Bd7 16. Rac1 f5 17. Bd3 Qf6 18. Nb3 Rad8 19. Rcd1 Kh8 20. Ne5 Nxe5 21. dxe5 Qc6 22. e6 Qxc2 23. Bxc2 Bxe6 24. Rxe6 Rxd1+ 25. Bxd1 Rd8 26. Be2 Na4 27. Re7 Nxb2 28. Rxc7 Re8 29. Kf1 Na4 30. Rxb7 Nc3 31. Bf3 Kh7 32. Rxa7 Rb8 33. Rb7 Rd8 34. Nc5 Kh8 35. Ra7 Rd2 36. g3 g5 37. a4 g4 38. Bb7 Rd1+ 39. Kg2 Ne2 40. h3 Rg1+ 41. Kh2 Rf1 42. Nd3 Rd1 43. Ra8+ Kg7 44. Rd8 h5 45. a5 Ng1 46. a6 Nxh3 47. a7 Nxf2 48. a8Q 1-0

[Event "Moscow Petrosian Memorial U18"]
[Site "Moscow"]
[Date "2007.01.??"]
[Round "6"]
[White "Niks, Yana"]
[Black "Pozdeev, Nikita"]
[Result "0-1"]
[WhiteElo "1882"]
[BlackElo "1942"]
[PlyCount "152"]
[EventDate "2007.01.??"]
[EventType "swiss"]
[EventRounds "9"]
[EventCountry "RUS"]
[SourceTitle "EXT 2008"]
[Source "ChessBase"]
[SourceDate "2007.11.25"]
[SourceVersion "1"]
[SourceVersionDate "2007.11.25"]
[SourceQuality "1"]

1. e4 e6 2. d4 d5 3. Nd2 Nf6 4. e5 Nfd7 5. Bd3 c5 6. c3 Nc6 7. Ne2 Qb6 8. Nf3 cxd4 9. cxd4 f6 10. exf6 Nxf6 11. 0-0 Bd6 12. Nc3 0-0 13. Be3 Bd7 14. a3 h6 15. b4 Rac8 16. Rc1 Ng4 17. Bb1 Ne7 18. h3 Nf6 19. Nh4 a5 20. Na2 axb4 21. axb4 Rxc1 22. Bxc1 Bxb4 23. Nxb4 Qxb4 24. Be3 Rc8 25. Qf3 Rf8 26. Ng6 Nxg6 27. Bxg6 Be8 28. Bb1 Bb5 29. Rc1 Bc4 30. Qg3 Kh8 31. Qg6 Qe7 32. Qg3 b5 33. Bf4 Qf7 34. Be3 b4 35. f3 b3 36. Bg6 Qd7 37. Qe5 Qe7 38. Bd2 Ng8 39. Qg3 Qf6 40. Be3 Ne7 41. Bb1 Nf5 42. Qf2 Nxe3 43. Qxe3 Ra8 44. Qc3 Kg8 45. Rd1 Rc8 46. Re1 Rb8 47. Rd1 Qe7 48. Qa5 Qb7 49. Qc5 Rc8 50. Qd6 Re8 51. Re1 Qe7 52. Qg3 Qf6 53. Re5 Ra8 54. Qe1 Kf7 55. Kh1 Rb8 56. Qa5 Rb7 57. Qa8 Re7 58. Bh7 Re8 59. Qa7+ Qe7 60. Qb6 g6 61. f4 Kg7 62. Bxg6 Kxg6 63. f5+ Kf7 64. Rxe6 Qh4 65. Qc7+ Re7 66. Rxe7+ Qxe7 67. Qb6 Qe1+ 68. Kh2 Qe3 69. Qg6+ Ke7 70. f6+ Kd8 71. f7 Qf4+ 72. Kh1 Qf1+ 73. Kh2 Qf4+ 74. Kh1 Ke7 75. Qb6 Kxf7 76. Qb7+ Kf6 0-1

[Event "Moscow Petrosian Memorial U18"]
[Site "Moscow"]
[Date "2007.01.??"]
[Round "3"]
[White "Ustinov, Alexey"]
[Black "Niks, Yana"]
[Result "1/2-1/2"]
[WhiteElo "1986"]
[BlackElo "1882"]
[PlyCount "126"]
[EventDate "2007.01.??"]
[EventType "swiss"]
[EventRounds "9"]
[EventCountry "RUS"]
[SourceTitle "EXT 2008"]
[Source "ChessBase"]
[SourceDate "2007.11.25"]
[SourceVersion "1"]
[SourceVersionDate "2007.11.25"]
[SourceQuality "1"]

1. e4 e5 2. Nf3 Nc6 3. Bb5 a6 4. Ba4 d6 5. c3 Bd7 6. d3 b5 7. Bb3 Be7 8. Nbd2 Nf6 9. Nf1 Na5 10. Bc2 c5 11. Ng3 Nc6 12. Qe2 0-0 13. 0-0 Re8 14. h3 Bf8 15. Nh2 b4 16. f4 a5 17. fxe5 dxe5 18. Bg5 Be7 19. Bxf6 Bxf6 20. Nh5 Bh4 21. Qf3 Be6 22. Ba4 Qd6 23. Ng4 Rec8 24. Bxc6 Rxc6 25. Ng3 f6 26. Nf5 Bxf5 27. exf5 Rac8 28. Rad1 Rb6 29. Ne3 Ra6 30. Qd5+ Qxd5 31. Nxd5 Kf7 32. c4 a4 33. Kh2 Ra7 34. Rf3 Re8 35. Re3 Bf2 36. Re4 Bd4 37. Rd2 g6 38. Rh4 Kg7 39. Rxh7+ Kxh7 40. Nxf6+ Kh6 41. Nxe8 gxf5 42. Nd6 Kg6 43. Nb5 Rd7 44. Nxd4 Rxd4 45. Re2 Rxd3 46. Rxe5 Rd2 47. Rxc5 Rxb2 48. Rb5 Rxa2 49. Rxb4 a3 50. Ra4 Rc2 51. Rxa3 Rxc4 52. Kg3 Kg5 53. Rf3 Ra4 54. Rc3 Rb4 55. Kf3 Ra4 56. g3 Ra1 57. Re3 Rf1+ 58. Kg2 Ra1 59. h4+ Kg4 60. Rf3 Ra2+ 61. Rf2 Ra4 62. h5 Kxh5 63. Rxf5+ Kg4 1/2-1/2